000 00661nam a2200253Ia 4500
001 12237
003 GE_BSU
008 181216s||||||||xx |||||||||||||| ||und||
020 _a9780674001699
040 _cGE_BSU
080 _a577.2
100 _aMorange,Michel.
245 2 _aA History of Molecular Biologe.
245 _cTransl.by Matthew Cobb.
260 _aCambridge.
260 _bHarvard University Press.
260 _c1998
300 _a336p;24cm.
541 _h147ლ.
653 _aA History of Molecular Biologe.
653 _aბიოლოგია
653 _aმოლეკულური ბიოლოგია
942 _cBK
999 _c45413
_d45413